Statističeskij ježegodnik stran - členov Soveta Ekonomičeskoj Vzaimopomošči 1984

Uložené v:
Podrobná bibliografia
Médium: Kniha
Jazyk:Russian
Vydavateľské údaje: Moskva Finansy i statistika 1984
Tagy: Pridať tag
Žiadne tagy, Buďte prvý, kto otaguje tento záznam!

MARC

LEADER 00000nam a2200000 4500
001 c107026
005 20250930115553.6
041 0 |a rus 
044 |a RU 
245 1 0 |a Statističeskij ježegodnik stran - členov Soveta Ekonomičeskoj Vzaimopomošči 1984 
264 1 |a Moskva  |b Finansy i statistika  |c 1984 
300 |a 455 s.